|
|
|
|
| LEADER |
00000cam a2200000 a 4500 |
| 001 |
vtls010575113 |
| 003 |
SK-MaSNL |
| 005 |
20260301133624.0 |
| 008 |
240318s2014 xo a g 001 0 slo |
| 015 |
|
|
|a SNBA2014/03
|
| 020 |
|
|
|a 9788055138060
|q (viaz.)
|
| 035 |
|
|
|a DA9AC951-7372-4684-B59C-06F1666EF970
|
| 035 |
|
|
|a B661EC0C-3245-4661-83CB-FE69F5D0DFC4
|
| 035 |
|
|
|a urn:nbn:sk:snk-am00a0wq
|
| 035 |
|
|
|a urn:nbn:sk:snk-aml1kf
|
| 035 |
|
|
|a urn:nbn:sk:snk-am008n64
|
| 040 |
|
|
|a SNK
|b slo
|c SNK
|e AACR2
|
| 041 |
1 |
|
|a slo
|h ger
|
| 044 |
|
|
|a xo
|c SK
|
| 072 |
|
7 |
|a 133
|x Ezoterizmus. Okultizmus
|2 konspekt
|
| 080 |
|
|
|a 523.34
|2 2001
|
| 080 |
|
|
|a 613
|2 2001
|
| 080 |
|
|
|a 133.52
|2 2001
|
| 080 |
|
|
|a 615.89
|2 2001
|
| 080 |
|
|
|a 633/635
|2 2001
|
| 080 |
|
|
|a 64.047
|2 2001
|
| 080 |
|
|
|a (0.062)
|2 2001
|
| 100 |
1 |
|
|a Paungger, Johanna,
|d 1953-
|4 aut
|9 204292
|
| 240 |
1 |
0 |
|a Vom richtigen Zeitpunkt
|l Slovensky
|
| 245 |
1 |
0 |
|a Pod vplyvom Luny
|b o tom, ako správny okamih pôsobí na naše konanie, na naše zdravie a všetko okolo nás
|c Johanna Paunggerová, Thomas Poppe ; [z nemeckého originálu preložili Květoslav Spiller a Magda Spillerová]
|
| 250 |
|
|
|a [1. vyd.]
|
| 260 |
|
|
|a Bratislava
|b Ikar
|c 2014
|
| 300 |
|
|
|a 263 s.
|b ilustr.
|c 21 cm
|e 3 voľ. príl.
|
| 504 |
|
|
|a Reg.
|
| 650 |
0 |
7 |
|a starostlivosť o zdravie
|2 SNKPH
|9 1302
|
| 650 |
0 |
7 |
|a ľudové liečiteľstvo
|2 SNKPH
|9 1145
|
| 650 |
0 |
7 |
|a pestovanie rastlín
|2 SNKPH
|9 29223
|
| 650 |
0 |
7 |
|a domáce práce
|2 SNKPH
|9 209371
|
| 650 |
0 |
7 |
|a Health care
|2 SNKPHeng
|9 266508
|
| 650 |
0 |
7 |
|a Folk healing
|2 SNKPHeng
|9 313777
|
| 650 |
0 |
7 |
|a Plants cultivation
|2 SNKPHeng
|9 268449
|
| 650 |
0 |
7 |
|a House works
|2 SNKPHeng
|9 322851
|
| 650 |
0 |
7 |
|a astrologické aspekty
|2 SNKPH
|9 3688
|
| 650 |
0 |
7 |
|a Astrological aspects
|2 SNKPHeng
|9 418952
|
| 651 |
|
7 |
|a Moon
|2 SNKPHeng
|9 99704
|
| 651 |
|
7 |
|a Mesiac (prirodzený satelit Zeme)
|2 SNKPH
|9 207345
|
| 655 |
|
7 |
|a populárno-náučné publikácie
|2 SNKPH
|9 70460
|
| 655 |
|
7 |
|a Popular works
|2 SNKPHeng
|9 90287
|
| 700 |
1 |
|
|a Poppe, Thomas
|4 aut
|9 345431
|
| 700 |
1 |
|
|a Spiller, Květoslav
|4 trl
|
| 700 |
1 |
|
|a Spillerová, Magda
|4 trl
|9 296385
|
| 852 |
|
|
|a Štátna vedecká knižnica v Banskej Bystrici
|
| 919 |
|
|
|a 978-80-551-3806-0
|
| 958 |
|
|
|a OP
|
| 968 |
|
|
|b DT
|
| 999 |
|
|
|c 754217
|d 756147
|
| 952 |
|
|
|a SNK
|b SNK
|y PREZ
|7 0
|p 17A1104313
|o snkSC 158183
|i snk2014/4349
|8 0
|0 0
|1 0
|4 0
|d 2014-02-12
|f 1
|l 0
|r 2025-08-20 00:00:00
|w 2026-02-23
|
| 952 |
|
|
|a SNK
|b SNK
|y PREZ
|7 0
|p 17A1103926
|o snkSC 158183/príl.
|i snk2014/4349
|8 0
|3 1. príl. -- 1 príl.
|0 0
|1 0
|4 0
|d 2014-02-12
|f 1
|l 0
|r 2025-08-20 00:00:00
|w 2026-02-23
|
| 952 |
|
|
|a SNK
|b SNK
|y VYP
|7 0
|p 17A1107597
|o snkSC 158183 D1
|i snk2014/8483
|8 0
|3 príloha 3 listy
|0 0
|1 0
|4 0
|d 2014-04-01
|l 0
|r 2026-02-23 23:44:13
|w 2026-02-23
|
| 952 |
|
|
|a SNK
|b SNK
|y VYP
|7 0
|p 17A1107596
|o snkSC 158183/príl. D1
|i snk2014/8483
|8 0
|3 Príloha 3 listy
|0 0
|1 0
|4 0
|d 2014-04-01
|l 0
|r 2026-02-23 23:44:13
|w 2026-02-23
|